| 000 | 00606nam a2200205 a 4500 | ||
|---|---|---|---|
| 001 | 661 | ||
| 003 | CDMR | ||
| 005 | 20131203105156.0 | ||
| 008 | 130130s1969||||||||||||||||||||||||||||d | ||
| 040 |
_aCDMR _bcat _cCDMR |
||
| 100 | 1 |
_aDumazedier, Joffre _9503 |
|
| 245 | 1 | 0 |
_aDe la sociología de la comunicación colectiva a la sociología del desarrollo cultural _cJoffre Dumazedier |
| 250 | _a2a ed. | ||
| 260 |
_aQuito _c1969 _bCiespal |
||
| 300 |
_aVI, 239 p. _c26 cm |
||
| 490 | 0 |
_aCIESPAL _v53 |
|
| 650 | 0 | 4 |
_91460 _aSociologia de la comunicació |
| 650 | 0 | 4 |
_93211 _aComunicació i cultura |
| 942 |
_cMON _2udc |
||
| 999 |
_c661 _d661 |
||